| 000 | 00577cam a2200193 4500500 | ||
|---|---|---|---|
| 005 | 20260329003211.0 | ||
| 041 | _afre | ||
| 042 | _adc | ||
| 100 | 1 | 0 |
_aN’Diaye, Aïda _eauthor |
| 245 | 0 | 0 | _aDisparaître de soi : une tentation contemporaine |
| 260 | _c2015. | ||
| 500 | _a72 | ||
| 690 | _aDavid Le Breton | ||
| 690 | _aEgo | ||
| 690 | _aIdentité | ||
| 690 | _aMoi | ||
| 786 | 0 | _nPhilosophie magazine | 86 | 2 | 2015-02-01 | p. 68-69 | 1951-1787 | |
| 856 | 4 | 1 | _uhttps://shs.cairn.info/magazine-philosophie-magazine-2015-2-page-68?lang=fr&redirect-ssocas=7080 |
| 999 |
_c1822318 _d1822318 |
||